Agricultural economy of india / (Record no. 39422)

MARC details
000 -LEADER
fixed length control field 00767nam a22002297a 4500
005 - DATE AND TIME OF LATEST TRANSACTION
control field 20100805130932.0
010 ## - LCCN (DPL NO)
LC control number ENG-98367
020 ## - INTERNATIONAL STANDARD BOOK NUMBER
Terms of availability 70.00
035 ## - SYSTEM CONTROL NUMBER
System control number EN-81900
037 ## - SOURCE OF ACQUISITION
Source of stock number/acquisition DBAD/PUB
082 ## - DEWEY DECIMAL CLASSIFICATION NUMBER
Classification number 338.10954
100 ## - MAIN ENTRY--PERSONAL NAME
Personal name Balakrishnan, G.
245 ## - TITLE STATEMENT
Title Agricultural economy of india /
Statement of responsibility, etc by G.Balkrishnan
260 ## - PUBLICATION, DISTRIBUTION, ETC. (IMPRINT)
Place of publication, distribution, etc Coimbatore
Name of publisher, distributor, etc Atcharapurriswara Publications
Date of publication, distribution, etc 2008
270 ## - ADDRESS
City Coimbatore
Postal code 641008
300 ## - PHYSICAL DESCRIPTION
Extent 126p.
Dimensions 20cm (pbk)
650 ## - SUBJECT ADDED ENTRY--TOPICAL TERM
Topical term or geographic name as entry element Agricultural economy aspect
650 ## - SUBJECT ADDED ENTRY--TOPICAL TERM
Topical term or geographic name as entry element india
650 ## - SUBJECT ADDED ENTRY--TOPICAL TERM
Topical term or geographic name as entry element economic policy
942 ## - ADDED ENTRY ELEMENTS (KOHA)
Source of classification or shelving scheme Dewey Decimal Classification
Item type English Books
Classification part 338.10954
Call number suffix BAL
Holdings
Withdrawn status Lost status Not for loan Collection code Home library Current library Date acquired Source of acquisition Cost, normal purchase price Full call number Barcode Copy number Cost, replacement price Koha item type
    Not For Loan Non-fiction D.B.Act.Division D.B.Act.Division 05/08/2010 DBAD/PUB 70.00 338.10954 BAL EN-81900 1 70.00 English Books

© Delhi Public Library
Hit Counter
free hit counter